[Event "Nassau CC-ch"]
[Site "Mineola"]
[Date "2002.12.16"]
[Round "9"]
[White "Luchan, Jason"]
[Black "Linn, Stanley"]
[Result "1-0"]
[WhiteElo "2064"]
[BlackElo "1659"]
[PlyCount "87"]
[EventDate "2002.12.10"]
[EventType "swiss"]
[EventRounds "9"]
[EventCountry "USA"]
[SourceTitle "EXT 2004"]
[Source "ChessBase"]
[SourceDate "2003.11.25"]
[SourceVersion "1"]
[SourceVersionDate "2003.11.25"]
[SourceQuality "1"]

1. e4 Nf6 2. e5 Nd5 3. d4 d6 4. c4 Nb6 5. exd6 exd6 6. Nc3 Be7 7. Be2 Nc6 8. Nf3 Bf5 9. Be3 0-0 10. 0-0 Nd7 11. Nd5 Nf6 12. Nxe7+ Nxe7 13. d5 Ng6 14. Nd4 Bd7 15. h3 c5 16. dxc6 bxc6 17. Rc1 a6 18. b3 Re8 19. Bd3 Rc8 20. Qc2 Ne5 21. Be2 d5 22. c5 Ra8 23. Nf5 Ne4 24. Nd4 Qh4 25. Nf3 Nxf3+ 26. Bxf3 Bf5 27. Qd1 Be6 28. Bd4 Ng5 29. Bg4 f5 30. Bh5 g6 31. Be2 h5 32. Rc3 f4 33. Re1 Nxh3+ 34. Rxh3 Bxh3 35. gxh3 Qxh3 36. Bf3 Rxe1+ 37. Qxe1 Qxf3 38. Qe6+ Kf8 39. Qf6+ Ke8 40. Qxg6+ Kd7 41. Qf7+ Kc8 42. Qe8+ Kc7 43. Be5+ Kb7 44. Qd7# 1-0

[Event "Nassau CC-ch"]
[Site "Mineola"]
[Date "2002.12.02"]
[Round "7"]
[White "Zardus, David L"]
[Black "Linn, Stanley"]
[Result "0-1"]
[WhiteElo "1849"]
[BlackElo "1659"]
[PlyCount "45"]
[EventDate "2002.12.10"]
[EventType "swiss"]
[EventRounds "9"]
[EventCountry "USA"]
[SourceTitle "EXT 2004"]
[Source "ChessBase"]
[SourceDate "2003.11.25"]
[SourceVersion "1"]
[SourceVersionDate "2003.11.25"]
[SourceQuality "1"]

1. Nf3 Nf6 2. g3 d5 3. Bg2 g6 4. 0-0 Bg7 5. d3 c5 6. Nbd2 Nc6 7. c3 e5 8. e4 0-0 9. Qc2 d4 10. Nc4 Re8 11. Qb3 Qc7 12. Nh4 Nh5 13. f4 Bf6 14. Nf3 exf4 15. gxf4 dxc3 16. bxc3 Nxf4 17. Bxf4 Qxf4 18. Nfe5 Qh4 19. Nxf7 Be6 20. Nh6+ Kg7 21. Qxb7+ Ne7 22. e5 Bg5 23. Qf3 0-1

[Event "Nassau CC-ch"]
[Site "Mineola"]
[Date "2002.11.04"]
[Round "3"]
[White "Panken, Richard"]
[Black "Linn, Stanley"]
[Result "1-0"]
[WhiteElo "1946"]
[BlackElo "1659"]
[PlyCount "39"]
[EventDate "2002.12.10"]
[EventType "swiss"]
[EventRounds "9"]
[EventCountry "USA"]
[SourceTitle "EXT 2004"]
[Source "ChessBase"]
[SourceDate "2003.11.25"]
[SourceVersion "1"]
[SourceVersionDate "2003.11.25"]
[SourceQuality "1"]

1. e4 d5 2. exd5 Qxd5 3. Nc3 Qa5 4. d4 c6 5. Nf3 Nf6 6. Bc4 e6 7. Bd2 Qd8 8. 0-0 Be7 9. Qe2 0-0 10. Rad1 Nbd7 11. Rfe1 Nd5 12. Bxd5 cxd5 13. Nxd5 Nf6 14. Nxe7+ Qxe7 15. Bg5 h6 16. Bh4 b6 17. d5 g5 18. Bg3 Qc5 19. dxe6 Bxe6 20. Bd6 1-0

[Event "Nassau CC-ch"]
[Site "Mineola"]
[Date "2002.10.21"]
[Round "1"]
[White "Linn, Stanley"]
[Black "Felber, Joseph J"]
[Result "0-1"]
[WhiteElo "1659"]
[BlackElo "2047"]
[PlyCount "52"]
[EventDate "2002.12.10"]
[EventType "swiss"]
[EventRounds "9"]
[EventCountry "USA"]
[SourceTitle "EXT 2004"]
[Source "ChessBase"]
[SourceDate "2003.11.25"]
[SourceVersion "1"]
[SourceVersionDate "2003.11.25"]
[SourceQuality "1"]

1. c4 Nf6 2. g3 c5 3. Nc3 d5 4. cxd5 Nxd5 5. Bg2 Nc7 6. e3 e5 7. Nge2 Nc6 8. Bxc6+ bxc6 9. 0-0 Be7 10. d4 exd4 11. exd4 0-0 12. dxc5 Bh3 13. Re1 Bxc5 14. Be3 Bxe3 15. fxe3 Qg5 16. Nf4 Bg4 17. Qc2 Rfe8 18. a4 Rad8 19. Nce2 Ne6 20. Rad1 Nxf4 21. gxf4 Qg6 22. f5 Qg5 23. Rxd8 Bxe2+ 24. Kf2 Qh4+ 25. Kxe2 Rxd8 26. Qc5 Qg4+ 0-1

[Event "Nassau CC-ch"]
[Site "Nassau"]
[Date "2001.12.17"]
[Round "10"]
[White "Linn, Stanley"]
[Black "Berg, George P"]
[Result "1/2-1/2"]
[WhiteElo "1669"]
[BlackElo "2119"]
[PlyCount "57"]
[EventDate "2001.??.??"]
[EventType "swiss"]
[EventRounds "10"]
[EventCountry "USA"]
[SourceTitle "EXT 2003"]
[Source "ChessBase"]
[SourceDate "2002.11.25"]
[SourceVersion "1"]
[SourceVersionDate "2002.11.25"]
[SourceQuality "1"]

1. e4 c5 2. c3 Nf6 3. e5 Nd5 4. d4 cxd4 5. cxd4 Nc6 6. Nf3 d6 7. Nc3 Nxc3 8. bxc3 dxe5 9. Nxe5 Nxe5 10. dxe5 Qxd1+ 11. Kxd1 Bg4+ 12. f3 0-0-0+ 13. Ke1 Bf5 14. Be3 Kb8 15. Rd1 Rc8 16. Bd4 e6 17. Bd3 Bc5 18. Bxf5 exf5 19. Ke2 Rhd8 20. Bxc5 Rxd1 21. Bxa7+ Kxa7 22. Rxd1 Rxc3 23. Rd7 Rc2+ 24. Kd1 Rxg2 25. Rxf7 Rxh2 26. e6 Rh6 27. e7 Re6 28. Rxg7 h6 29. Rf7 1/2-1/2

[Event "Nassau CC-ch"]
[Site "Nassau"]
[Date "2001.12.10"]
[Round "9"]
[White "Kaplan, Ivan"]
[Black "Linn, Stanley"]
[Result "1-0"]
[WhiteElo "1707"]
[BlackElo "1669"]
[PlyCount "61"]
[EventDate "2001.??.??"]
[EventType "swiss"]
[EventRounds "10"]
[EventCountry "USA"]
[SourceTitle "EXT 2003"]
[Source "ChessBase"]
[SourceDate "2002.11.25"]
[SourceVersion "1"]
[SourceVersionDate "2002.11.25"]
[SourceQuality "1"]

1. d4 Nf6 2. d5 d6 3. c4 e5 4. Nc3 Be7 5. e4 0-0 6. h3 Ne8 7. g4 Bg5 8. Nge2 a5 9. Ng3 g6 10. Be2 Na6 11. Nf1 Nc5 12. Be3 b6 13. Qd2 Bxe3 14. Qxe3 f5 15. gxf5 gxf5 16. Rg1+ Kh8 17. 0-0-0 f4 18. Qf3 Qh4 19. Ng3 Nf6 20. Nh5 Nxh5 21. Qxh5 Qxh5 22. Bxh5 Bd7 23. Bg4 Bxg4 24. hxg4 Rg8 25. f3 Rg7 26. Kd2 Kg8 27. Rh1 Kf7 28. Rh5 Kg6 29. Rdh1 Rf7 30. Rh6+ Kg5 31. R1h5# 1-0

[Event "Nassau CC-ch"]
[Site "Nassau"]
[Date "2001.10.22"]
[Round "2"]
[White "Linn, Stanley"]
[Black "Guevara, Robert N"]
[Result "0-1"]
[WhiteElo "1669"]
[BlackElo "1844"]
[PlyCount "54"]
[EventDate "2001.??.??"]
[EventType "swiss"]
[EventRounds "10"]
[EventCountry "USA"]
[SourceTitle "EXT 2003"]
[Source "ChessBase"]
[SourceDate "2002.11.25"]
[SourceVersion "1"]
[SourceVersionDate "2002.11.25"]
[SourceQuality "1"]

1. e4 e6 2. d4 d5 3. Nc3 Nf6 4. e5 Nfd7 5. f4 c5 6. Nf3 Nc6 7. Be3 a6 8. a4 Qb6 9. Rb1 cxd4 10. Bxd4 Nxd4 11. Qxd4 Bc5 12. Qd2 Be3 13. Qe2 Bxf4 14. g3 Bh6 15. g4 Qe3 16. Qxe3 Bxe3 17. Ne2 0-0 18. Nc1 f6 19. Nd3 fxe5 20. Nfxe5 Nxe5 21. Nxe5 Bd4 22. Nd3 Bd7 23. c3 Bf6 24. Nc5 Bc6 25. Kd2 Bh4 26. Nxe6 Rf2+ 27. Kc1 Re8 0-1